[Event "Francophonie-ch 10th"]
[Site "Quebec"]
[Date "2024.08.14"]
[Round "3"]
[White "Levacic, Patrick"]
[Black "Bauer, Christian"]
[Result "0-1"]
[WhiteElo "2195"]
[BlackElo "2574"]
[PlyCount "94"]
[EventDate "2024.08.13"]
[EventType "swiss"]
[EventRounds "9"]
[EventCountry "CAN"]
[SourceTitle "EXT 2025"]
[Source "ChessBase"]
[SourceDate "2024.10.14"]
[SourceVersion "1"]
[SourceVersionDate "2024.10.14"]
[SourceQuality "1"]

1. a3 d5 2. g3 Bf5 3. Bg2 e6 4. d3 Nf6 5. Nd2 c6 6. e3 Nbd7 7. Ne2 h6 8. b3 Be7 9. Bb2 Bh7 10. h3 Qc7 11. Nc3 a6 12. Qe2 b5 13. e4 d4 14. Nd1 e5 15. 0-0 c5 16. f4 Rc8 17. c4 Rb8 18. cxb5 axb5 19. Bc1 0-0 20. Nb2 Ra8 21. Kh2 Nb6 22. Nf3 Nfd7 23. a4 Bd6 24. f5 bxa4 25. bxa4 c4 26. a5 cxd3 27. Nxd3 Nc4 28. a6 Nf6 29. g4 Qc8 30. a7 Qd7 31. g5 hxg5 32. Bxg5 Nxe4 33. Qxe4 Bxf5 34. Qd5 Bxd3 35. Kh1 Rxa7 36. Rxa7 Qxa7 37. Rg1 Qc5 38. Ne1 Bg6 39. h4 Qxd5 40. Bxd5 Nb6 41. Bb3 Kh7 42. Nf3 Be4 43. Kg2 Rc8 44. Bd2 f6 45. Kf2 Bd5 46. Bd1 Nc4 47. Bc2+ e4 0-1

[Event "FRA Cup"]
[Site "Chartres"]
[Date "2024.06.30"]
[Round "2.2"]
[White "Bauer, Christian"]
[Black "Martirosyan, Haik M"]
[Result "1/2-1/2"]
[WhiteElo "2567"]
[BlackElo "2662"]
[PlyCount "29"]
[EventDate "2024.06.29"]
[EventType "team-k.o."]
[EventRounds "3"]
[EventCountry "FRA"]
[SourceTitle "CBM 221 Extra"]
[Source "ChessBase"]
[SourceDate "2024.09.30"]
[SourceVersion "1"]
[SourceVersionDate "2024.09.30"]
[SourceQuality "1"]
[WhiteTeam "Chartres"]
[BlackTeam "Asnieres"]
[WhiteTeamCountry "FRA"]
[BlackTeamCountry "FRA"]

1. e4 e5 2. Nf3 Nc6 3. Bb5 Nf6 4. 0-0 Nxe4 5. Re1 Nd6 6. Nxe5 Be7 7. Bf1 Nxe5 8. Rxe5 0-0 9. Nc3 Ne8 10. Nd5 Bd6 11. Re1 c6 12. Ne3 Bc7 13. Nf5 Nf6 14. Ne7+ Kh8 15. Nxc8 1/2-1/2

[Event "FRA-chT Top 16 Haute"]
[Site "Chartres"]
[Date "2024.06.09"]
[Round "4.23"]
[White "Bauer, Christian"]
[Black "Jossien, Remy"]
[Result "1-0"]
[WhiteElo "2567"]
[BlackElo "2194"]
[PlyCount "79"]
[EventDate "2024.06.06"]
[EventType "team-tourn"]
[EventRounds "4"]
[EventCountry "FRA"]
[SourceTitle "CBM 220 Extra"]
[Source "ChessBase"]
[SourceDate "2024.07.31"]
[SourceVersion "1"]
[SourceVersionDate "2024.07.31"]
[SourceQuality "1"]
[WhiteTeam "Chartres"]
[BlackTeam "Clichy Echecs 92"]
[WhiteTeamCountry "FRA"]
[BlackTeamCountry "FRA"]

1. e4 e5 2. Nf3 Nc6 3. Bb5 a6 4. Ba4 Nf6 5. d3 d6 6. c3 Be7 7. 0-0 0-0 8. Re1 b5 9. Bb3 Na5 10. Bc2 c5 11. d4 Qc7 12. Nbd2 Bg4 13. d5 c4 14. Nf1 Bh5 15. Ng3 Bg6 16. Nh4 Rfb8 17. Nhf5 Bf8 18. Qf3 Nb7 19. Bg5 Ne8 20. h4 f6 21. Bd2 Nc5 22. h5 Bf7 23. Qg4 Kh8 24. Nh4 a5 25. Ng6+ Kg8 26. a3 Nb3 27. Bxb3 cxb3 28. Nf5 Ra7 29. Re3 b4 30. Rg3 Bxg6 31. hxg6 h6 32. axb4 axb4 33. Rc1 Rba8 34. cxb4 Ra1 35. Rxa1 Rxa1+ 36. Kh2 Ra8 37. Rc3 Qb7 38. b5 Be7 39. Bxh6 gxh6 40. g7 1-0

[Event "FRA-chT Top 16 Haute"]
[Site "Chartres"]
[Date "2024.06.08"]
[Round "3.29"]
[White "Wirig, Anthony"]
[Black "Bauer, Christian"]
[Result "0-1"]
[WhiteElo "2434"]
[BlackElo "2567"]
[PlyCount "104"]
[EventDate "2024.06.06"]
[EventType "team-tourn"]
[EventRounds "4"]
[EventCountry "FRA"]
[SourceTitle "CBM 220 Extra"]
[Source "ChessBase"]
[SourceDate "2024.07.31"]
[SourceVersion "1"]
[SourceVersionDate "2024.07.31"]
[SourceQuality "1"]
[WhiteTeam "Grasse Echecs"]
[BlackTeam "Chartres"]
[WhiteTeamCountry "FRA"]
[BlackTeamCountry "FRA"]

1. d4 Nf6 2. Nf3 d6 3. c4 g6 4. Nc3 Bf5 5. Qb3 b6 6. h4 h6 7. e4 Bd7 8. d5 Bg7 9. c5 0-0 10. c6 Bc8 11. Bc4 Na6 12. Bxa6 Bxa6 13. h5 g5 14. Be3 Bc8 15. Nd4 Ng4 16. 0-0-0 Re8 17. Nf5 e6 18. Nxg7 Kxg7 19. dxe6 Bxe6 20. Bd4+ f6 21. Qc2 Qe7 22. g3 Kg8 23. f4 Qh7 24. Qd2 Re7 25. Rde1 Rae8 26. b3 a6 27. Kb2 b5 28. a3 Qf7 29. Qd1 f5 30. fxg5 hxg5 31. Rhf1 Kh7 32. Qd2 Kh6 33. exf5 Bxf5 34. Rxe7 Rxe7 35. Nd5 Re4 36. Nf6 Qe6 37. Nxe4 Qxe4 38. Re1 Qxc6 39. Re7 Kxh5 40. Rg7 Bg6 41. Rg8 Qe4 42. Qd1 Kh6 43. Rh8+ Bh7 44. Rd8 Bf5 45. Rh8+ Bh7 46. Rd8 Ne5 47. Bc3 a5 48. Ka1 b4 49. Bb2 bxa3 50. Bxa3 Nd3 51. Rd7 Qd4+ 52. Kb1 Be4 0-1

[Event "FRA-chT Top 16 GpB"]
[Site "Chartres"]
[Date "2024.06.01"]
[Round "3.14"]
[White "Bauer, Christian"]
[Black "Riff, Jean Noel"]
[Result "1-0"]
[WhiteElo "2572"]
[BlackElo "2405"]
[PlyCount "74"]
[EventDate "2024.05.30"]
[EventType "team-tourn"]
[EventRounds "7"]
[EventCountry "FRA"]
[SourceTitle "CBM 220 Extra"]
[Source "ChessBase"]
[SourceDate "2024.07.31"]
[SourceVersion "1"]
[SourceVersionDate "2024.07.31"]
[SourceQuality "1"]
[WhiteTeam "Chartres"]
[BlackTeam "Mulhouse Philidor"]
[WhiteTeamCountry "FRA"]
[BlackTeamCountry "FRA"]

1. e4 e5 2. Nf3 Nc6 3. Bb5 a6 4. Ba4 f5 5. d4 exd4 6. e5 b5 7. Bb3 Na5 8. Bd5 c6 9. Bxg8 Rxg8 10. 0-0 Bb7 11. Qxd4 Be7 12. Re1 Qc7 13. Qd6 Qd8 14. Qd3 Qc7 15. Bg5 Bxg5 16. Nxg5 h6 17. e6 hxg5 18. exd7+ Kd8 19. Qxf5 Qf4 20. Qc5 Kc7 21. Nc3 Qd6 22. Qxg5 Rad8 23. Rad1 Qh6 24. Qg3+ Kb6 25. Rd6 Qh5 26. b3 Ka7 27. Re5 Qf7 28. Qe3+ Ka8 29. Re7 Qh5 30. Ne4 Qf5 31. Qc5 Qxc5 32. Nxc5 Kb8 33. Rg6 Kc7 34. Rexg7 Rxg7 35. Rxg7 Kd6 36. b4 Ba8 37. Rg6+ Kd5 1-0

[Event "FRA-chT Top 16 GpB"]
[Site "Chartres"]
[Date "2024.05.30"]
[Round "1.6"]
[White "Ronce, Nathan"]
[Black "Bauer, Christian"]
[Result "1/2-1/2"]
[WhiteElo "2189"]
[BlackElo "2572"]
[PlyCount "188"]
[EventDate "2024.05.30"]
[EventType "team-tourn"]
[EventRounds "7"]
[EventCountry "FRA"]
[SourceTitle "CBM 220 Extra"]
[Source "ChessBase"]
[SourceDate "2024.07.31"]
[SourceVersion "1"]
[SourceVersionDate "2024.07.31"]
[SourceQuality "1"]
[WhiteTeam "Medoc Lesparre"]
[BlackTeam "Chartres"]
[WhiteTeamCountry "FRA"]
[BlackTeamCountry "FRA"]

1. d4 Nf6 2. Bg5 d6 3. Bxf6 exf6 4. c4 f5 5. Nc3 c6 6. g3 Be6 7. Qd3 Nd7 8. Nf3 Nb6 9. Nd2 d5 10. b3 g6 11. Bg2 Bg7 12. e3 0-0 13. 0-0 c5 14. dxc5 dxc4 15. Qc2 Nd5 16. Bxd5 Bxd5 17. Rad1 Be6 18. Nxc4 Qc7 19. Nd5 Qxc5 20. b4 Qxd5 21. Rxd5 Bxd5 22. Nd2 Rac8 23. Qb1 Rfe8 24. Rc1 Rcd8 25. Qc2 Bf6 26. a3 Kg7 27. Kf1 Re6 28. b5 Red6 29. e4 Be6 30. Nc4 Rd4 31. e5 Be7 32. Nd6 Bxd6 33. exd6 R8xd6 34. Re1 f4 35. gxf4 Rxf4 36. Qc3+ Kh6 37. Qe3 Rdd4 38. h4 Bc4+ 39. Kg1 Kh5 40. f3 Rxh4 41. Qe7 g5 42. Rc1 Rhf4 43. Kg2 Bd5 44. Rh1+ Kg6 45. Qd6+ f6 46. Qb8 Rd2+ 47. Kg1 Rd1+ 48. Kg2 Rxh1 49. Kxh1 Bxf3+ 50. Kh2 Bd5 51. Qe8+ Bf7 52. Qc8 h5 53. a4 Kg7 54. a5 Ra4 55. a6 bxa6 56. bxa6 h4 57. Qb7 g4 58. Qd7 Ra2+ 59. Kg1 Ra1+ 60. Kh2 Ra2+ 61. Kg1 Ra5 62. Kf1 g3 63. Qg4+ Rg5 64. Qxh4 g2+ 65. Kg1 Bd5 66. Qd4 Rh5 67. Qg4+ Kh6 68. Qf4+ Kh7 69. Qc7+ Kg6 70. Qg3+ Rg5 71. Qd3+ Rf5 72. Kh2 Bf3 73. Kg1 Bd5 74. Kh2 Kg5 75. Qe3+ Rf4 76. Qg3+ Kf5 77. Qd3+ Ke6 78. Qe3+ Kf5 79. Qd3+ Ke5 80. Qe3+ Be4 81. Qc5+ Ke6 82. Qc8+ Ke5 83. Qc5+ Bd5 84. Qe3+ Re4 85. Qc3+ Kf5 86. Qd3 Ke6 87. Qh3+ Ke7 88. Qg3 Re5 89. Qg7+ Bf7 90. Kg1 Rh5 91. Qg3 Bd5 92. Qg7+ Ke6 93. Qg8+ Ke7 94. Qg7+ Bf7 1/2-1/2